Miesto určenia neznáme /
Guardado en:
| Autor principal: | |
|---|---|
| Otros Autores: | |
| Formato: | Libro |
| Lenguaje: | eslovaco |
| Publicado: |
Bratislava
Mladé letá
1972
|
| Edición: | 1. vydanie |
| Colección: | STOPY
|
| Etiquetas: |
Sin Etiquetas, Sea el primero en etiquetar este registro!
|
MARC
| LEADER | 00000nam a22000003a 4500 | ||
|---|---|---|---|
| 001 | 0101540 | ||
| 003 | SK-STU | ||
| 005 | 20230425161219.4 | ||
| 007 | ta | ||
| 008 | 230425s ----xo-----e------000-0-----d | ||
| 040 | |a STU |b slo | ||
| 041 | 0 | |a slo | |
| 044 | |a xo | ||
| 100 | 1 | |a CHRISTIE, Agatha |4 aut | |
| 245 | 1 | 0 | |a Miesto určenia neznáme / |c aut. Agatha CHRISTIE ; prekl. Viera PETROVÁ |
| 250 | |a 1. vydanie | ||
| 260 | |a Bratislava |b Mladé letá |c 1972 | ||
| 300 | |a 202 s. | ||
| 490 | 0 | |a STOPY | |
| 700 | 1 | |a PETROVÁ, Viera |4 trl | |
| 996 | |c I* 4SOA13880 |l I |s A |a 24 |w 0101540_0001 | ||